• 首页
  • 本馆介绍
  • 公告通知
  • 最新文献
  • 馆藏检索
  • 电子资源
  • 读者导购
  • 参考咨询
  • 我的图书馆
  • 登录
  • 详细信息显示
  • 放入我的书架
  • 预约/预借图书
  • 作者相关作品
  • 分类相关作品
  • 丛书相关作品
  • 出版社相关作品

书目信息

  • 表格格式
  • 工作单格式
  • 卡片格式
题名:
化学可以这样学
    
 
作者: 曾祥书 编著
分册:  
出版信息: 哈尔滨   哈尔滨工业大学出版社  2019.7
页数: 454,18页
开本: 29cm
丛书名:
单 册:
中图分类: G634.83
科图分类:
主题词: 中学化学课--高中--教学参考资料
电子资源:
ISBN: 978-7-5603-8338-5
000 01130nam0 2200253 45
001 012001001539
005 20140914100456.0
010    @a978-7-5603-8338-5@dCNY58.00
100    @a20191113d2019 em y0chiy50 ea
101 0  @achi
102    @aCN@b230000
105    @aa z 000yy
106    @ar
200 1  @a化学可以这样学@Ahua xue ke yi zhe yang xue@e高中化学知识方法智慧感悟疑难辨析@f曾祥书编著
210    @a哈尔滨@c哈尔滨工业大学出版社@d2019.7
215    @a454,18页@c图@d29cm
300    @a其他题名:高中化学知识方法智慧感悟疑难辨析
330    @a本书由知识篇、智慧篇、感悟篇3部分组成,为了提升读者化学学科核心素养,知识篇力图从自学的角度进行编写,主要包括必考、选考内容,紧扣教材和考纲有针对性对知识点疏理;智慧篇主要包括易错点的变析、专题研究、经典口决等内容;感悟篇是作者近年参与校、县、市的命题和近三年高考题分类的汇编。
517 1  @a高中化学知识方法智慧感悟疑难辨析@Agao zhong hua xue zhi shi fang fa zhi hui gan wu yi nan bian xi
606 0  @a中学化学课@x高中@j教学参考资料
690    @aG634.83@v5
701  0 @a曾祥书@Azeng xiang shu@4编著
801  0 @aCN@bBJSDL@c20211011
905    @b1334961-5@dG634.83@e2461@f5
    
    化学可以这样学:高中化学知识方法智慧感悟疑难辨析/曾祥书编著.-哈尔滨:哈尔滨工业大学出版社,2019.7
    454,18页:图;29cm
    其他题名:高中化学知识方法智慧感悟疑难辨析
    
    ISBN 978-7-5603-8338-5:CNY58.00
    本书由知识篇、智慧篇、感悟篇3部分组成,为了提升读者化学学科核心素养,知识篇力图从自学的角度进行编写,主要包括必考、选考内容,紧扣教材和考纲有针对性对知识点疏理;智慧篇主要包括易错点的变析、专题研究、经典口决等内容;感悟篇是作者近年参与校、县、市的命题和近三年高考题分类的汇编。
●
相关链接 在E读中查询图书 在五车中查询图书 在当当中查询图书 在豆瓣中查询图书


正题名:化学可以这样学     索取号:G634.83/2461         预约/预借

序号 登录号 条形码 馆藏地/架位号 状态 备注
1 1334961   213349615   第一样本阅览室/ [索取号:G634.83/2461] 在馆    
2 1334962   213349624   第四借阅区/ [索取号:G634.83/2461] 在馆    
3 1334963   213349633   第四借阅区/ [索取号:G634.83/2461] 在馆    
4 1334964   213349642   第四借阅区/ [索取号:G634.83/2461] 在馆    
5 1334965   213349651   第四借阅区/ [索取号:G634.83/2461] 在馆    
唐山师范学院图书馆 欢迎您!
大连网信软件有限公司© 版权所有